| 000 | 01167nam a2200313Ia 4500 | ||
|---|---|---|---|
| 005 | 20220317001531.0 | ||
| 008 | 161108s9999 xx 000 0 und d | ||
| 020 | _a9788434469501 | ||
| 082 | 0 | 4 |
_a109 _bC66h |
| 100 | 1 | _aCopleston, Federick | |
| 245 | 1 | 0 |
_aHistoria de la filosofía, 1 _bde la Grecia antigua al mundo cristiano _cFrederick Copleston ; traducción de Juan Manuel García de la Mora |
| 250 | _a1a. edición, 4a impresión | ||
| 300 |
_a442, 481 páginas _c22 cm |
||
| 490 | _aAriel filosofía | ||
| 500 | _aIncluye bibliografía e índice onomástico al final de cada parte | ||
| 505 | _aTomo 1 : Grecia y Roma. -- Tomo. 2 : De San Agustín a Escoto | ||
| 650 | 1 | 4 |
_2LEMB _aFilosofía medieval _vHistoria |
| 650 | 1 | 4 |
_2LEMB _aFilosofía Griega _xHistoria |
| 650 | 1 | 4 |
_2LEMB _aFilósofos _xHistoria |
| 700 | 1 |
_aGarcía Borrón _975177 |
|
| 700 | 1 |
_aJuan Carlos García de la Mora _975178 |
|
| 700 | 1 |
_aJuan Manuel _975179 |
|
| 942 |
_2ddc _cBK |
||
| 264 |
_aBarcelona _bAriel _c2011 |
||
| 336 |
_atexto _btxt _2rdacontent |
||
| 337 |
_asin mediación _bn _2rdamedia |
||
| 338 |
_avolumen _bnc _2rdacarrier |
||
| 040 |
_aCO-BoRNBP _bspa _erda _cCO-BoRNBP |
||
| 999 |
_c7271 _d7271 |
||